[Event "New Delhi Parsvnath op 10th"]
[Site "New Delhi"]
[Date "2012.01.17"]
[Round "4"]
[White "Ashwin, Jayaram"]
[Black "Jaiswal, Puneet"]
[Result "1-0"]
[WhiteElo "2472"]
[BlackElo "2219"]
[PlyCount "49"]
[EventDate "2012.01.15"]
[EventType "swiss"]
[EventRounds "11"]
[EventCountry "IND"]
[SourceTitle "CBM 146 Extra"]
[Source "ChessBase"]
[SourceDate "2012.02.29"]
[SourceVersion "1"]
[SourceVersionDate "2012.02.29"]
[SourceQuality "1"]

1. Nf3 b6 2. g3 Bb7 3. Bg2 e5 4. d3 d6 5. 0-0 Nc6 6. c4 Nge7 7. Nc3 h6 8. d4 Nxd4 9. Nxd4 Bxg2 10. Kxg2 exd4 11. Qxd4 Qd7 12. Nd5 c6 13. Nxe7 Qxe7 14. Bf4 Rg8 15. Rfd1 0-0-0 16. a4 g5 17. Be3 Bg7 18. Qd3 d5 19. cxd5 Rxd5 20. Qc2 Qd7 21. a5 b5 22. Bxa7 Kb7 23. e4 Rxd1 24. Rxd1 Qe7 25. a6+ 1-0

[Event "IND-chB 49th"]
[Site "Aurangabad"]
[Date "2011.06.18"]
[Round "4"]
[White "Ashwin, Jayaram"]
[Black "Jaiswal, Puneet"]
[Result "1-0"]
[WhiteElo "2439"]
[BlackElo "2262"]
[PlyCount "99"]
[EventDate "2011.06.16"]
[EventType "swiss"]
[EventRounds "13"]
[EventCountry "IND"]
[SourceTitle "CBM 143 Extra"]
[Source "ChessBase"]
[SourceDate "2011.08.29"]
[SourceVersion "1"]
[SourceVersionDate "2011.08.29"]
[SourceQuality "1"]

1. d4 Nf6 2. c4 g6 3. Nc3 d5 4. Bg5 Ne4 5. Bh4 Nxc3 6. bxc3 dxc4 7. e3 Be6 8. Nf3 Bg7 9. Be2 0-0 10. 0-0 c5 11. Rb1 cxd4 12. Nxd4 Bd5 13. Qc2 f5 14. Rb5 Nc6 15. Rd1 Nxd4 16. cxd4 Rc8 17. Bxe7 Qxe7 18. Rxd5 Qe4 19. Qxe4 fxe4 20. Rc1 c3 21. Rb5 Rc7 22. Rb3 Kh8 23. Rc2 Bf6 24. Rcxc3 Rxc3 25. Rxc3 Bh4 26. g3 Bd8 27. Rc8 Kg7 28. Bc4 Ba5 29. Rxf8 Kxf8 30. Bd5 b5 31. Bxe4 b4 32. f3 Kg7 33. Kf2 g5 34. h4 gxh4 35. gxh4 Bd8 36. h5 a5 37. Kg3 h6 38. Bc2 Kf6 39. f4 Bb6 40. Kf3 Ke6 41. Bb3+ Kd6 42. Ke4 Bd8 43. f5 Bh4 44. Kd3 Ke7 45. e4 Kf6 46. Kc4 Kg5 47. Bd1 Kf4 48. Kd5 Bd8 49. Bc2 Kg5 50. Ke6 1-0

[Event "IND-chB 49th"]
[Site "Aurangabad"]
[Date "2011.06.18"]
[Round "5"]
[White "Jaiswal, Puneet"]
[Black "Palit, Somak"]
[Result "1/2-1/2"]
[WhiteElo "2262"]
[BlackElo "2372"]
[PlyCount "25"]
[EventDate "2011.06.16"]
[EventType "swiss"]
[EventRounds "13"]
[EventCountry "IND"]
[SourceTitle "CBM 143 Extra"]
[Source "ChessBase"]
[SourceDate "2011.08.29"]
[SourceVersion "1"]
[SourceVersionDate "2011.08.29"]
[SourceQuality "1"]

1. d4 Nf6 2. c4 g6 3. Nc3 d5 4. cxd5 Nxd5 5. e4 Nxc3 6. bxc3 Bg7 7. Bc4 0-0 8. Ne2 c5 9. 0-0 Nc6 10. Be3 Bd7 11. Rb1 Rc8 12. dxc5 Na5 13. Bd5 1/2-1/2

[Event "IND-chB 49th"]
[Site "Aurangabad"]
[Date "2011.06.17"]
[Round "3"]
[White "Jaiswal, Puneet"]
[Black "Vishnu, Prasanna V"]
[Result "1-0"]
[WhiteElo "2262"]
[BlackElo "2355"]
[PlyCount "93"]
[EventDate "2011.06.16"]
[EventType "swiss"]
[EventRounds "13"]
[EventCountry "IND"]
[SourceTitle "CBM 143 Extra"]
[Source "ChessBase"]
[SourceDate "2011.08.29"]
[SourceVersion "1"]
[SourceVersionDate "2011.08.29"]
[SourceQuality "1"]

1. d4 d5 2. Nf3 c6 3. Nbd2 Nf6 4. e3 Bf5 5. Be2 Nbd7 6. c4 e6 7. 0-0 Bd6 8. h3 h6 9. b3 0-0 10. Bb2 Qb8 11. a4 a5 12. Ba3 Bxa3 13. Rxa3 Rd8 14. Qa1 Qd6 15. Ne5 Rac8 16. c5 Qe7 17. Nxd7 Nxd7 18. b4 axb4 19. Rb3 e5 20. Re1 Re8 21. a5 Ra8 22. Nf3 e4 23. Nd2 Qg5 24. Kf1 Qh4 25. Kg1 Re6 26. Nf1 Rg6 27. Ng3 Be6 28. Rxb4 f5 29. Nh5 Qd8 30. Nf4 Rf6 31. Nxe6 Rxe6 32. Rxb7 Nf6 33. a6 Kh7 34. Reb1 f4 35. a7 fxe3 36. fxe3 Re8 37. Qa6 Qc8 38. Qb6 Qf5 39. Qc7 Qg5 40. Kh2 Rec8 41. Qg3 Re8 42. Qxg5 hxg5 43. R1b6 Rec8 44. Bd1 Ne8 45. Rb8 Nc7 46. Rxc8 Rxc8 47. Rxc6 1-0

[Event "New Delhi Parsvnath op 9th"]
[Site "New Delhi"]
[Date "2011.01.11"]
[Round "6"]
[White "Zherebukh, Yaroslav"]
[Black "Jaiswal, Puneet"]
[Result "1-0"]
[WhiteElo "2565"]
[BlackElo "2266"]
[PlyCount "63"]
[EventDate "2011.01.08"]
[EventType "swiss"]
[EventRounds "11"]
[EventCountry "IND"]
[SourceTitle "CBM 140 Extra"]
[Source "ChessBase"]
[SourceDate "2011.03.01"]
[SourceVersion "1"]
[SourceVersionDate "2011.03.01"]
[SourceQuality "1"]

1. e4 e6 2. d4 d5 3. Nc3 Nf6 4. e5 Nfd7 5. f4 c5 6. Nf3 Nc6 7. Be3 Qb6 8. Na4 Qa5+ 9. c3 cxd4 10. b4 Nxb4 11. cxb4 Bxb4+ 12. Bd2 Bxd2+ 13. Nxd2 0-0 14. Bd3 b5 15. Nb2 Nb6 16. 0-0 Nc4 17. Nbxc4 bxc4 18. Bxh7+ Kxh7 19. Qh5+ Kg8 20. Nf3 g6 21. Qh6 Qc7 22. f5 exf5 23. Rae1 f6 24. exf6 Qh7 25. Qf4 Qf7 26. Re7 Qxf6 27. Rfe1 Rf7 28. Rxf7 Kxf7 29. Ng5+ Kg7 30. Qc7+ Kh6 31. Qh7+ Kxg5 32. g3 1-0

[Event "IND-chB 48th"]
[Site "Bhiwani"]
[Date "2010.09.26"]
[Round "13"]
[White "Lahiri, Atanu"]
[Black "Jaiswal, Puneet"]
[Result "0-1"]
[WhiteElo "2353"]
[BlackElo "2255"]
[PlyCount "58"]
[EventDate "2010.09.16"]
[EventType "swiss"]
[EventRounds "13"]
[EventCountry "IND"]
[SourceTitle "CBM 138 Extra"]
[Source "ChessBase"]
[SourceDate "2010.10.29"]
[SourceVersion "1"]
[SourceVersionDate "2010.10.29"]
[SourceQuality "1"]

1. d4 d5 2. c4 c6 3. Nf3 Nf6 4. Nc3 e6 5. Bg5 dxc4 6. e4 b5 7. e5 h6 8. Bh4 g5 9. Nxg5 hxg5 10. Bxg5 Nbd7 11. g3 Rg8 12. h4 Rxg5 13. hxg5 Nd5 14. g6 fxg6 15. Qg4 Qe7 16. Bg2 Kd8 17. Bxd5 cxd5 18. Qxg6 Rb8 19. Rh7 Qb4 20. 0-0-0 Rb6 21. Rdh1 Qa5 22. Rxd7+ Bxd7 23. Qf7 Ba3 24. Nb1 Bxb2+ 25. Kxb2 c3+ 26. Kc2 Qxa2+ 27. Kd3 Qc4+ 28. Ke3 c2 29. Qf8+ Be8 0-1

[Event "IND-chB 48th"]
[Site "Bhiwani"]
[Date "2010.09.19"]
[Round "6"]
[White "Jaiswal, Puneet"]
[Black "Tiwari, Arjun"]
[Result "0-1"]
[WhiteElo "2255"]
[BlackElo "2340"]
[PlyCount "56"]
[EventDate "2010.09.16"]
[EventType "swiss"]
[EventRounds "13"]
[EventCountry "IND"]
[SourceTitle "CBM 138 Extra"]
[Source "ChessBase"]
[SourceDate "2010.10.29"]
[SourceVersion "1"]
[SourceVersionDate "2010.10.29"]
[SourceQuality "1"]

1. d4 Nf6 2. c4 g6 3. Nc3 Bg7 4. e4 d6 5. f3 0-0 6. Nge2 Nc6 7. Be3 a6 8. Qd2 Bd7 9. g4 b5 10. cxb5 axb5 11. Nxb5 e5 12. d5 Na5 13. Nec3 Nb3 14. Qd1 Nxa1 15. Qxa1 c6 16. dxc6 Bxc6 17. Qd1 d5 18. g5 d4 19. gxf6 Qxf6 20. Bf2 dxc3 21. Nxc3 Rfb8 22. Bc4 Rxb2 23. 0-0 Rd8 24. Nd5 Bxd5 25. Bxd5 Bh6 26. a4 Rc8 27. Bg3 Be3+ 28. Kh1 Rc1 0-1

[Event "Commonwealth-ch"]
[Site "New Delhi"]
[Date "2010.05.11"]
[Round "3"]
[White "Jaiswal, Puneet"]
[Black "Sachdev, Tania"]
[Result "0-1"]
[WhiteElo "2253"]
[BlackElo "2398"]
[PlyCount "76"]
[EventDate "2010.05.10"]
[EventType "swiss"]
[EventRounds "11"]
[EventCountry "IND"]
[SourceTitle "CBM 136 Extra"]
[Source "ChessBase"]
[SourceDate "2010.07.02"]
[SourceVersion "2"]
[SourceVersionDate "2010.07.15"]
[SourceQuality "1"]

1. d4 d5 2. Nf3 Bf5 3. c4 e6 4. Qb3 Nc6 5. c5 Qc8 6. Nc3 Nf6 7. Qa4 Nd7 8. b4 a6 9. h3 Be7 10. Bf4 0-0 11. e3 Bf6 12. Rd1 a5 13. Nb5 Nxb4 14. Rd2 Bd8 15. a3 Nc6 16. Nc3 Nf6 17. Be2 Ne4 18. Nxe4 Bxe4 19. Bb5 Nb8 20. Ke2 c6 21. Bd3 Bxd3+ 22. Rxd3 Bc7 23. Rb1 Nd7 24. Qc2 f6 25. Rdb3 e5 26. Bg3 Rb8 27. Qb2 exd4 28. exd4 b5 29. cxb6 Qa6+ 30. Kd1 Bxg3 31. fxg3 a4 32. Rb4 Qf1+ 33. Ne1 Rfe8 34. Qd2 Re4 35. b7 Rbe8 36. b8Q Nxb8 37. Rxb8 Rxe1+ 38. Kc2 Qc4+ 0-1

[Event "New Delhi Parsvnath op 7th"]
[Site "New Delhi"]
[Date "2009.01.12"]
[Round "3"]
[White "Jaiswal, Puneet"]
[Black "Khamzin, Olzhas"]
[Result "0-1"]
[WhiteElo "2234"]
[BlackElo "2401"]
[PlyCount "134"]
[EventDate "2009.01.11"]
[EventType "swiss"]
[EventRounds "10"]
[EventCountry "IND"]
[SourceTitle "CBM 128 Extra"]
[Source "ChessBase"]
[SourceDate "2009.03.05"]
[SourceVersion "2"]
[SourceVersionDate "2009.03.25"]
[SourceQuality "1"]

1. d4 Nf6 2. Nf3 e6 3. Nbd2 c5 4. e3 b6 5. Bd3 Bb7 6. c3 Be7 7. Qe2 0-0 8. e4 cxd4 9. Nxd4 d6 10. f4 Nbd7 11. 0-0 Qc7 12. Bc2 Rfe8 13. N2f3 g6 14. Nb5 Qb8 15. c4 a6 16. Nc3 Bf8 17. e5 dxe5 18. fxe5 Nh5 19. Be4 Ra7 20. g4 Ng7 21. Bxb7 Rxb7 22. Ne4 Rc8 23. Bf4 b5 24. cxb5 Rxb5 25. b3 Ne8 26. Rad1 Qa7+ 27. Qf2 Qb7 28. Nd6 Nxd6 29. exd6 e5 30. Be3 f6 31. Rd2 Rd5 32. Rfd1 Rxd2 33. Rxd2 Qe4 34. h3 Rc3 35. Re2 Bxd6 36. Nd2 Qd5 37. Nc4 Bb4 38. Rb2 Rd3 39. Rb1 Bc5 40. Bxc5 Rxh3 41. Qg2 Qxc5+ 42. Kf1 Rd3 43. Ke2 Rd4 44. Rd1 e4 45. Qg1 Rd3 46. Qxc5 Nxc5 47. Rxd3 Nxd3 48. Nd6 Nc1+ 49. Kd2 Nxa2 50. Nxe4 Kf7 51. Nc5 Nb4 52. Kc3 a5 53. Kc4 Ke7 54. Nb7 Nc6 55. Kd5 Kd7 56. Nc5+ Kc7 57. Ne6+ Kb6 58. Nf8 h5 59. gxh5 gxh5 60. Nd7+ Kb5 61. Nxf6 h4 62. Ke4 Kb4 63. Kf4 Kxb3 64. Nd7 Nd4 65. Kg4 Kb4 66. Kxh4 a4 67. Ne5 Kc3 0-1

[Event "IND-chB 45th"]
[Site "Dindigul"]
[Date "2007.06.12"]
[Round "2"]
[White "Akshat, Khamparia"]
[Black "Jaiswal, Puneet"]
[Result "1-0"]
[WhiteElo "2345"]
[BlackElo "2162"]
[PlyCount "95"]
[EventDate "2007.06.11"]
[EventType "swiss"]
[EventRounds "12"]
[EventCountry "IND"]
[SourceTitle "CBM 119 Extra"]
[Source "ChessBase"]
[SourceDate "2007.09.04"]
[SourceVersion "1"]
[SourceVersionDate "2007.09.04"]
[SourceQuality "1"]

1. d4 d5 2. Nf3 c6 3. g3 Bg4 4. Bg2 Nd7 5. Nbd2 g6 6. 0-0 Bg7 7. h3 Bxf3 8. Nxf3 Ngf6 9. Qd3 0-0 10. c4 dxc4 11. Qxc4 Nd5 12. Rd1 Rc8 13. e4 b5 14. Qe2 N5b6 15. Bf4 Qe8 16. e5 Nd5 17. Bd2 N7b6 18. b3 f5 19. a4 bxa4 20. bxa4 e6 21. a5 Nd7 22. Rac1 c5 23. dxc5 Rxc5 24. Rxc5 Nxc5 25. Nd4 Na4 26. Rc1 Qd7 27. Qa6 Nc7 28. Qd6 Rd8 29. Rxc7 Qxd6 30. exd6 Bxd4 31. d7 Bf6 32. Rxa7 Nc5 33. Bc6 Kf7 34. Be3 Be7 35. Rc7 Na6 36. Rc8 Nb8 37. Rxb8 Rxb8 38. a6 Rb1+ 39. Kg2 Ra1 40. a7 e5 41. Bd5+ Kf6 42. Bb6 Rxa7 43. Bxa7 Bd8 44. Be3 g5 45. Bc5 e4 46. Bd6 Bb6 47. h4 h6 48. h5 1-0

[Event "Wch U20 43rd"]
[Site "Cochin"]
[Date "2004.11.27"]
[Round "11"]
[White "Jaiswal, Puneet"]
[Black "Tikkanen, Hans"]
[Result "0-1"]
[WhiteElo "2212"]
[BlackElo "2338"]
[PlyCount "92"]
[EventDate "2004.11.20"]
[EventType "swiss"]
[EventRounds "13"]
[EventCountry "IND"]
[SourceTitle "CBM 103 Extra"]
[Source "ChessBase"]
[SourceDate "2005.01.01"]
[SourceVersion "1"]
[SourceVersionDate "2005.01.01"]
[SourceQuality "1"]

1. d4 g6 2. e4 Bg7 3. c3 d6 4. f4 Nd7 5. Nf3 e6 6. h4 h5 7. f5 gxf5 8. exf5 e5 9. Be2 e4 10. Ng5 Ndf6 11. Nd2 Bxf5 12. Qb3 Nh6 13. Qb5+ Qd7 14. Qxb7 0-0 15. Nf1 a6 16. Qb3 Bg4 17. Qd1 Nf5 18. Bf4 Rab8 19. b3 Nd5 20. Bxg4 Nxf4 21. Bxf5 Qxf5 22. Ne3 Qb5 23. Rf1 f6 24. Rxf4 fxg5 25. Rxf8+ Rxf8 26. Qe2 c5 27. Qxb5 axb5 28. Rd1 cxd4 29. cxd4 g4 30. Ke2 g3 31. Rf1 Ra8 32. Nf5 Rxa2+ 33. Ke3 d5 34. Ne7+ Kh7 35. Nxd5 Rxg2 36. Kxe4 Rd2 37. Nf4 Rxd4+ 38. Kf3 Be5 39. Ne2 Rxh4 40. Rd1 Rh2 41. Nxg3 Rh3 42. Rd5 Rxg3+ 43. Ke4 Rg5 44. Rxb5 h4 45. Kf3 h3 46. Rb4 h2 0-1

[Event "Wch U20 43rd"]
[Site "Cochin"]
[Date "2004.11.20"]
[Round "1"]
[White "Jaiswal, Puneet"]
[Black "Zhao, Jun"]
[Result "0-1"]
[WhiteElo "2212"]
[BlackElo "2511"]
[PlyCount "145"]
[EventDate "2004.11.20"]
[EventType "swiss"]
[EventRounds "13"]
[EventCountry "IND"]
[SourceTitle "CBM 103 Extra"]
[Source "ChessBase"]
[SourceDate "2005.01.01"]
[SourceVersion "1"]
[SourceVersionDate "2005.01.01"]
[SourceQuality "1"]

1. d4 Nf6 2. Nf3 e6 3. e3 b6 4. Bd3 Bb7 5. Nbd2 c5 6. 0-0 Nc6 7. c3 Be7 8. e4 cxd4 9. Nxd4 0-0 10. Nxc6 dxc6 11. Qe2 Nd7 12. Bc2 e5 13. Nf3 Qc7 14. Bg5 Nc5 15. Bxe7 Qxe7 16. Qe3 Ba6 17. Rfd1 Rad8 18. b4 Nb7 19. Ba4 Bb5 20. Bb3 Nd6 21. Rd2 Nc4 22. Bxc4 Bxc4 23. a3 Rxd2 24. Nxd2 Be6 25. Nf3 Qd6 26. h3 f6 27. Qe2 Rd8 28. Rc1 Kf7 29. Kf1 c5 30. Ke1 Qc7 31. Qe3 Rc8 32. b5 a6 33. bxa6 Ra8 34. Qe2 Qc8 35. Nd2 Qxa6 36. Qxa6 Rxa6 37. Rb1 Ke7 38. c4 Kd6 39. Rb3 Kc6 40. Ke2 Ra7 41. Ke3 Rd7 42. Rd3 Rd4 43. Rxd4 exd4+ 44. Kd3 g5 45. a4 Bd7 46. Nf3 h6 47. e5 f5 48. h4 g4 49. Nd2 Kc7 50. Nf1 Bxa4 51. Ng3 Bd7 52. Nh5 Bc6 53. Nf4 Be4+ 54. Kd2 Kc6 55. g3 Bb1 56. e6 Ba2 57. Nd5 Kd6 58. e7 Kd7 59. Nxb6+ Kxe7 60. Kc2 Kd6 61. Kd3 Bb1+ 62. Kd2 Be4 63. Na4 Kc6 64. Kd1 Bb1 65. Kc1 Ba2 66. Nb2 Bb3 67. Kd2 Kb6 68. Kc1 Ka5 69. Nd3 Bxc4 70. Nxc5 Kb4 71. Nb7 Kc3 72. Nd6 d3 73. Nxc4 0-1